Statistics for Country by letter #21: All countries starting with the letter U

Click here to take the quiz!

General Stats

  • This quiz has been taken 18 times
  • The average score is 6 of 7

Answer Stats

HintAnswer% Correct
EuropeUnited Kingdom
100%
EuropeUkraine
94%
South AmericaUruguay
94%
AsiaUzbekistan
89%
AfricaUganda
83%
North AmericaUnited States
83%
AsiaUnited Arab Emirates
78%

Score Distribution

Percentile by Number Answered

Percent of People with Each Score

Your Score History

You have not taken this quiz